|
|
|
|
| LEADER |
00000nam a22000007a 4500 |
| 005 |
20150518220421.0 |
| 007 |
cr|||| |||| |
| 008 |
150518s2015 br |||||s|||| 00||0 por d |
| 020 |
|
|
|a 978-85-361-8312.1
|
| 035 |
|
|
|a 12690
|
| 040 |
|
|
|a vLex
|
| 090 |
|
|
|c 5432
|d 5432
|
| 100 |
1 |
|
|a Brandô, Clùdio
|
| 245 |
1 |
0 |
|a Reforma do sistema recursal trabalhista
|h [Recurso electrn̤ico] :
|b Comentr̀ios ̉Lei n. 13.015/2014 Ediȯ̂ 2015 /
|c Clùdio Brandô
|
| 256 |
|
|
|a Servicio en ln̕ea
|
| 260 |
|
|
|a San Pablo:
|b LTR Editora,
|c 2015
|
| 300 |
|
|
|a 1 recurso electrn̤ico
|
| 500 |
|
|
|a “Sô muitas as novidades introduzidas pela Lei n. 13.015/2014, dentre elas a tčnica de julgamento dos recursos repetitivos e a forȧ obrigatr̤ia dos precedentes judiciais, que despertarô acirrado debate na doutrina e inquietaė̳s por parte de r̤gôs do Poder Judicir̀io e na comunidade jurd̕ica, mas objetivam contribuir para a garantia da seguranȧ jurd̕ica, preservaȯ̂ do princp̕io da igualdade e, ao final, agilizaȯ̂ dos processos.”
|
| 506 |
1 |
|
|a Disponible solo en los productos indicados
|d vLex Global
|d vLex Global (Academic Edition, excluding Law Schools)
|d vLex Global (U.S. Academic Edition, Law Schools)
|d vLex Global (U.S. Academic Edition, excluding Law Schools)
|d vLex Global (Academic Edition, Law Schools)
|
| 650 |
0 |
4 |
|a Derecho Laboral y Seguridad Social
|z Brasil
|
| 740 |
0 |
|
|a vLex Libros (Servicio en ln̕ea)
|
| 856 |
4 |
0 |
|u http://vlex.com/source/reforma-do-sistema-recursal-trabalhista-comentarios-a-lei-n-13-015-2014-12690
|z Acceso restringido
|
| 942 |
|
|
|c BOOK
|
| 999 |
0 |
|
|a Labor and Social Security
|